000
00301nam a2200157Ia 4500
100
_a
Rule/ Jeff
250
_a
1
942
_c
BK
654
_a
Computer
245
_a
Dynamics HTML
260
_b
Addison Wesly
_c
1999
082
_a
5.133
_b
RUL
300
_a
265
546
_a
ENGLISH
999
_c
24023
_d
24023